000
00292nam a2200097Ia 4500
005
20251222114402.0
008
251222s1900||||xx |||||||||||||| ||spa||
082
_a
DVD0111/D23/2003
245
0
_a
Looney Tunes: de nuevo en acción, la película:Looney Tunes: back in acction the movie
942
_c
DVD
999
_c
1673
_d
1673